Temperature regulator for containers with working substance in high-frequency metal vapor active media; Journal of Physics: Conference Series; Vol. 1327 : Innovations in Non-Destructive Testing (SibTest 2019)

Bibliografiset tiedot
Parent link:Journal of Physics: Conference Series
Vol. 1327 : Innovations in Non-Destructive Testing (SibTest 2019).— 2019.— [012048, 8 р.]
Yhteisötekijä: Национальный исследовательский Томский политехнический университет Инженерная школа неразрушающего контроля и безопасности Отделение электронной инженерии
Muut tekijät: Bukreev E. G., Kozhemyak O. A. Olesya Anatolievna, Musorov I. S. Ilia Sergeevich, Ogorodnikov D. N. Dmitry Nikolaevich, Drobchik V. V.
Yhteenveto:Title screen
This paper presents the study of the control functions for the temperature control of containers with the active substance in active media on metal vapors. Nonlinear control function was built and tested with a layout of container. Tests demonstrate discordant, but primary positive results of using nonlinear regulator instead of linear proportional-integral-differential (PID) regulator.
Kieli:englanti
Julkaistu: 2019
Aiheet:
Linkit:https://doi.org/10.1088/1742-6596/1327/1/012048
http://earchive.tpu.ru/handle/11683/57041
Aineistotyyppi: Elektroninen Kirjan osa
KOHA link:https://koha.lib.tpu.ru/cgi-bin/koha/opac-detail.pl?biblionumber=661311

MARC

LEADER 00000naa2a2200000 4500
001 661311
005 20260209144746.0
035 |a (RuTPU)RU\TPU\network\31636 
035 |a RU\TPU\network\31634 
090 |a 661311 
100 |a 20191128d2019 k||y0rusy50 ba 
101 0 |a eng 
102 |a GB 
135 |a drgn ---uucaa 
181 0 |a i  
182 0 |a b 
200 1 |a Temperature regulator for containers with working substance in high-frequency metal vapor active media  |f E. G. Bukreev [et al.] 
203 |a Text  |c electronic 
300 |a Title screen 
320 |a [References: 16 tit.] 
330 |a This paper presents the study of the control functions for the temperature control of containers with the active substance in active media on metal vapors. Nonlinear control function was built and tested with a layout of container. Tests demonstrate discordant, but primary positive results of using nonlinear regulator instead of linear proportional-integral-differential (PID) regulator. 
461 1 |0 (RuTPU)RU\TPU\network\3526  |t Journal of Physics: Conference Series 
463 1 |0 (RuTPU)RU\TPU\network\31502  |t Vol. 1327 : Innovations in Non-Destructive Testing (SibTest 2019)  |o V International Conference, 26–28 June 2019, Yekaterinburg, Russia  |o [proceedings]  |f National Research Tomsk Polytechnic University (TPU)  |v [012048, 8 р.]  |d 2019 
610 1 |a электронный ресурс 
610 1 |a труды учёных ТПУ 
610 1 |a терморегуляторы 
610 1 |a емкости 
610 1 |a активные среды 
610 1 |a активные вещества 
610 1 |a активные среды 
610 1 |a пары 
610 1 |a ПИД-регуляторы 
610 1 |a нелинейные регуляторы 
701 1 |a Bukreev  |b E. G. 
701 1 |a Kozhemyak  |b O. A.  |c specialist in the field of electronics  |c Assistant of Tomsk Polytechnic University  |f 1981-  |g Olesya Anatolievna  |3 (RuTPU)RU\TPU\pers\33727 
701 1 |a Musorov  |b I. S.  |c Specialist in the field of electronics  |c Assistant of the Department of Tomsk Polytechnic University  |f 1991-  |g Ilia Sergeevich  |3 (RuTPU)RU\TPU\pers\39791 
701 1 |a Ogorodnikov  |b D. N.  |c specialist in the field of electronics  |c Associate Professor of Tomsk Polytechnic University, Candidate of technical sciences  |f 1974-  |g Dmitry Nikolaevich  |3 (RuTPU)RU\TPU\pers\33695  |9 17326 
701 1 |a Drobchik  |b V. V. 
712 0 2 |a Национальный исследовательский Томский политехнический университет  |b Инженерная школа неразрушающего контроля и безопасности  |b Отделение электронной инженерии  |3 (RuTPU)RU\TPU\col\23507 
801 2 |a RU  |b 63413507  |c 20200123  |g RCR 
856 4 |u https://doi.org/10.1088/1742-6596/1327/1/012048 
856 4 |u http://earchive.tpu.ru/handle/11683/57041 
942 |c CF